000 00420nam a22001577a 4500
003 CEME
005 20210628205159.0
008 210301b xxu||||| |||| 00| 0 eng d
040 _c.
082 _a297.61 NAZ'M
100 _aNaz, S. M
_974294
245 _aEncyclopedia of muslim personalities in search of islamic history
260 _aLAHORE
_bSHEIKH GHULAM ALI
_c1996
300 _aVARIOUS PAGES
942 _cBK
_2ddc
999 _c579845
_d579845